Every Major City in the Caucasus - Statistics

General Stats
  • This quiz has been taken 5 times
  • The average score is 3 of 5
Answer Stats
Answer % Correct
Baku
100%
Tbilisi
100%
Yerevan
100%
Ganja
33%
Sumqayit
0%
No matching quizzes found
Score Distribution
Percent of People with Each Score
Percentile by Number Answered
Your Score History
You have not taken this quiz